Kursus Orientasi Penolong Pegawai Penilaian 9.9.85 - 5.10.85
| Format: | Book |
|---|---|
| Subjects: |
MARC
| LEADER | 00000cam a2200000 7i4500 | ||
|---|---|---|---|
| 001 | 0000006567 | ||
| 005 | 20010819.0 | ||
| 040 | |a INS | ||
| 090 | 0 | 0 | |a AVO 1 |
| 245 | 0 | 0 | |a Kursus Orientasi Penolong Pegawai Penilaian 9.9.85 - 5.10.85 |
| 650 | 0 | 0 | |a Penolong Pegawai Penilaian |
| 999 | |a AVO0000001 |b BOOK |c Course Notes |e Default branch | ||